| 000 | 00418nam a22001571c 4500 | ||
|---|---|---|---|
| 001 | a01835 | ||
| 008 | 051003s1987 gw |||| 000u eng d | ||
| 041 | _aeng | ||
| 100 | 1 | _aViola, Lynne | |
| 245 | 0 | 4 |
_aThe Best Sons of the Fatherland : _bWorkers in the Vanguard of Soviet Collectivization |
| 264 |
_aOxford : _bOxford UP, _c1987 |
||
| 300 | _a285 S. Oln. | ||
| 942 | _cMG | ||
| 040 | _cRU-10907106 | ||
| 003 | RU-10907106 | ||
| 999 |
_c5287 _d5287 |
||